| 000 | 00839nam a22002777a 4500 | ||
|---|---|---|---|
| 003 | CHAP | ||
| 005 | 20220329135046.0 | ||
| 008 | 971013s1972 r 00010 d | ||
| 010 | _a30265 | ||
| 011 | _a31237 | ||
| 035 | _a35349 | ||
| 040 | _cCHAP | ||
| 090 | _aFolleto 3732 | ||
| 110 |
_aAcademia Nacional de Ciencias. Washington, D. C. _9383 |
||
| 245 | _aSolar energy in developing countries ; perspectives and prospects | ||
| 260 |
_aWashington : _bNAS, _c1972 |
||
| 300 | _a49 p. | ||
| 590 |
_aBATCH-UPD _b10 _c20130110 _lUCH01 _h1709 |
||
| 590 |
_aBATCH-UPD _b10 _c20130410 _lUCH01 _h1055 |
||
| 590 |
_aBATCH-UPD _b10 _c20130914 _lUCH01 _h1307 |
||
| 590 |
_aCONVERSION _b10 _c20130109 _lUCH01 _h1317 |
||
| 650 | 1 | 4 |
_aEnergĂa solar. _936911 |
| 901 | _aBK | ||
| 942 | _cFOLL | ||
| 949 |
_aFolleto 3732 _bBC _cFOLL _d-81675 _eTS1 _i35349 _si |
||
| 999 |
_c30265 _d30265 |
||